National Ocean Service : working for America's coasts.

Bibliographic Details
Corporate Author: United States. National Ocean Service
Format: Government Document Book
Language:English
Published: Silver Spring, Md. (1305 East West Highway, Silver Spring 20910) : U.S. Dept. of Commerce, National Oceanic and Atmospheric Administration, National Ocean Service, [1999?]
Subjects:

MARC

Tag First Indicator Second Indicator Subfields
LEADER 00000cam a2200000 a 4500
001 in00000003208
005 20151007051050.0
008 990426s1999 mdua f000 0 eng d
035 |a (OCoLC)41248757 
035 |9 AJG2997AM 
040 |a GPO  |c GPO  |d DLC  |d MvI  |d UtOrBLW 
043 |a n-us--- 
049 |a UDOC 
074 |a 0192 
086 0 |a C 55.402:C 38/2/FOLDER 
245 0 0 |a National Ocean Service :  |b working for America's coasts. 
264 1 |a Silver Spring, Md. (1305 East West Highway, Silver Spring 20910) :  |b U.S. Dept. of Commerce, National Oceanic and Atmospheric Administration, National Ocean Service,  |c [1999?] 
300 |a 1 folder (3 sheets, 3 pamphlets) :  |b color illustrations ;  |c 31 cm. 
336 |a text  |b txt  |2 rdacontent 
337 |a unmediated  |b n  |2 rdamedia 
338 |a volume  |b nc  |2 rdacarrier 
500 |a Shipping list number: 99-0199-P. 
610 1 0 |a United States.  |b National Ocean Service. 
710 1 |a United States.  |b National Ocean Service. 
999 |a MARS 
999 f f |s 16183c6f-ece9-34c6-a790-1324fb7ad626  |i 6f89d3de-107e-308f-8a57-9403f4096943  |t 0 
952 f f |p normal  |a Texas A&M University  |b College Station  |c Sterling C. Evans Library  |d Evans: US Documents (Annex 5th floor)  |t 0  |e C 55.402:C 38/2/FOLDER  |h Superintendent of Documents classification  |i unmediated -- volume  |m A14824479197 
998 f f |a C 55.402:C 38/2/FOLDER  |t 0  |l Evans: US Documents (Annex 5th floor)